[Event "ODJM A 2014"]
[Site "Magdeburg GER"]
[Date "2014.06.13"]
[Round "8"]
[White "Schwenke, Stefan"]
[Black "Wiese, Tobias"]
[Result "1-0"]
[Termination "normal"]
[Board "23"]
[WhiteElo "1758"]
[BlackElo "1548"]
[PlyCount "69"]
[WhiteFideId "12948438"]
[BlackFideId "12974382"]
[EventCountry "GER"]
[EventRounds "9"]
[EventType "swiss"]
[EventDate "2014.06.07"]

1. e4 e6 2. d4 d5 3. exd5 exd5 4. Qe2+ Qe7 5. Be3 Be6 6. Nf3 Nf6 7. Ng5 Qb4+ 8.
c3 Qb6 9. Nxe6 Qxe6 10. Qb5+ Qc6 11. Qb3 a6 12. Be2 Be7 13. Nd2 Nbd7 14. Nf3
O-O 15. O-O-O b5 16. Ne5 Qe6 17. f4 c6 18. Qc2 Nxe5 19. fxe5 Ng4 20. Bg1 Bg5+
21. Kb1 Be3 22. Bxg4 Qxg4 23. Bxe3 Rfb8 24. Rdf1 b4 25. Rf4 Qd7 26. Rhf1 bxc3
27. Qxc3 Rb6 28. Rxf7 Qg4 29. Qc5 Rbb8 30. Qc2 Rb6 31. h3 Qe6 32. Qf5 Qxf5+ 33.
R1xf5 Rab8 34. Bc1 Ra8 35. e6 1-0

[Event "ODJM A 2014"]
[Site "Magdeburg GER"]
[Date "2014.06.13"]
[Round "8"]
[White "Wagner, Swenja"]
[Black "Denkert, Robert"]
[Result "0-1"]
[Termination "normal"]
[Board "24"]
[WhiteElo "1417"]
[BlackElo "1731"]
[PlyCount "62"]
[WhiteFideId "12900494"]
[BlackFideId "12957216"]
[EventCountry "GER"]
[EventRounds "9"]
[EventType "swiss"]
[EventDate "2014.06.07"]

1. e4 e6 2. d3 c5 3. Nd2 Nc6 4. Ngf3 g6 5. g3 Bg7 6. Bg2 Nge7 7. O-O O-O 8. Re1
d5 9. Qe2 h6 10. e5 b6 11. h4 Ba6 12. Nf1 Nf5 13. c3 Qc7 14. Bf4 Rac8 15. Qd2
Kh7 16. N1h2 Qd8 17. Ng4 b5 18. Kh2 b4 19. Rh1 bxc3 20. bxc3 h5 21. Bg5 Qc7 22.
Nf6+ Bxf6 23. Bxf6 Nh6 24. Ng5+ Kg8 25. Bf3 Nxe5 26. Bxe5 Qxe5 27. Rae1 Qf5 28.
Kg2 Qxd3 29. Qc1 Qf5 30. Nxe6 fxe6 31. Qxh6 Qxf3+ 0-1

[Event "ODJM A 2014"]
[Site "Magdeburg GER"]
[Date "2014.06.13"]
[Round "8"]
[White "Bossert, Felix"]
[Black "Wolff, Marie Antoinette"]
[Result "0-1"]
[Termination "normal"]
[Board "25"]
[WhiteElo "1531"]
[BlackElo "1628"]
[PlyCount "122"]
[WhiteFideId "12960977"]
[BlackFideId "12908258"]
[EventCountry "GER"]
[EventRounds "9"]
[EventType "swiss"]
[EventDate "2014.06.07"]

1. d4 Nf6 2. Nf3 g6 3. g3 Bg7 4. Bg2 O-O 5. O-O c5 6. dxc5 Na6 7. Nbd2 Nxc5 8.
c3 d6 9. Nb3 Qc7 10. Nxc5 Qxc5 11. Qd4 Qc7 12. Qd1 b6 13. Be3 Bb7 14. Qc1 Ng4
15. Bd4 e5 16. Be3 Nxe3 17. Qxe3 d5 18. Rad1 Rad8 19. Rd2 a5 20. Rfd1 b5 21. a3
Rfe8 22. h4 d4 23. cxd4 exd4 24. Qb3 Qb6 25. Ng5 Rf8 26. Bxb7 Qxb7 27. e3 h6
28. Nh3 Qb6 29. exd4 Rxd4 30. Nf4 b4 31. Nd5 Qc5 32. axb4 axb4 33. Rxd4 Bxd4
34. Qxb4 Qxb4 35. Nxb4 Bxb2 36. Kg2 Kg7 37. Rd7 Re8 38. Nd3 Bc3 39. Nf4 g5 40.
hxg5 hxg5 41. Nh3 Kg6 42. f4 g4 43. Ng1 Bb4 44. Rd4 Be1 45. Rd3 Kf5 46. Rd6 f6
47. Rd5+ Ke4 48. Rd7 Ke3 49. Rg7 f5 50. Rf7 Rd8 51. Re7+ Kd2 52. Re5 Rd3 53.
Rxf5 Rxg3+ 54. Kf1 Rd3 55. Re5 Bh4 56. f5 Rd4 57. Re2+ Kd1 58. Re5 Rf4+ 59. Kg2
Rf2+ 60. Kh1 g3 61. Re4 Rh2# 0-1

[Event "ODJM A 2014"]
[Site "Magdeburg GER"]
[Date "2014.06.13"]
[Round "8"]
[White "Kasel, Alexander"]
[Black "Hesse, Henrik"]
[Result "1/2-1/2"]
[Termination "normal"]
[Board "26"]
[WhiteElo "1498"]
[BlackElo "1645"]
[PlyCount "79"]
[WhiteFideId "12969982"]
[BlackFideId "12952060"]
[EventCountry "GER"]
[EventRounds "9"]
[EventType "swiss"]
[EventDate "2014.06.07"]

1. c4 Nf6 2. Nc3 g6 3. g3 Bg7 4. Bg2 O-O 5. Nf3 d6 6. O-O e5 7. d3 Nc6 8. Rb1
a5 9. a3 h6 10. Bd2 Be6 11. b4 axb4 12. axb4 Qd7 13. Re1 e4 14. b5 Ne7 15. Nd4
exd3 16. exd3 Rab8 17. Nxe6 fxe6 18. Bh3 Nf5 19. Bg2 e5 20. f4 exf4 21. Bxf4 g5
22. Bd2 Nd4 23. Nd5 Nxd5 24. Bxd5+ Kh8 25. Rf1 Rxf1+ 26. Qxf1 Rf8 27. Qg2 b6
28. Be4 Qg4 29. Re1 Be5 30. Kh1 Rf6 31. Be3 Nf3 32. Rf1 Nd4 33. Bxd4 Bxd4 34.
Rxf6 Bxf6 35. Qf1 Qe6 36. Bd5 Qe5 37. Qh3 Qe1+ 38. Kg2 Qe2+ 39. Kh1 Qe1+ 40.
Kg2 1/2-1/2

[Event "ODJM A 2014"]
[Site "Magdeburg GER"]
[Date "2014.06.13"]
[Round "8"]
[White "Reck, Jessica"]
[Black "Langer, Moritz"]
[Result "1-0"]
[Termination "normal"]
[Board "27"]
[WhiteElo "1613"]
[BlackElo "1470"]
[PlyCount "127"]
[WhiteFideId "12917931"]
[BlackFideId "12975281"]
[EventCountry "GER"]
[EventRounds "9"]
[EventType "swiss"]
[EventDate "2014.06.07"]

1. Nf3 d5 2. d4 e6 3. c4 c6 4. Nc3 Bd6 5. Qc2 Nd7 6. e4 Bb4 7. Bf4 Ngf6 8. Nd2
dxe4 9. Ncxe4 Nxe4 10. Qxe4 Nf6 11. Qe5 O-O 12. Be2 Qb6 13. Rd1 Rd8 14. Be3 Bd6
15. Qg5 Qxb2 16. Qa5 Qb6 17. Qa4 Qb4 18. Qc2 Bc7 19. c5 Nd5 20. Rb1 Qc3 21. Qd3
Qxd3 22. Bxd3 Rb8 23. O-O e5 24. Nf3 e4 25. Bxe4 Nc3 26. Bxh7+ Kxh7 27. Rb2 Nd5
28. Ng5+ Kg8 29. Re1 Ba5 30. Bd2 Bxd2 31. Rxd2 f6 32. Ne4 Re8 33. Rde2 Bf5 34.
Nd6 Rxe2 35. Rxe2 Bd3 36. Re1 Bc4 37. Nxc4 Rd8 38. Nd6 b6 39. a3 b5 40. g3 a6
41. Kf1 g6 42. Nb7 Rc8 43. Na5 Kf7 44. Nb7 Rc7 45. Nd6+ Kg8 46. Re8+ Kh7 47.
Ra8 Nc3 48. Rxa6 g5 49. Ne8 Rc8 50. Nxf6+ Kg6 51. Nd7 Kf5 52. Ne5 Ke4 53. Nxc6
Rc7 54. Nd8 Rd7 55. Ne6 Kf5 56. g4+ Kxg4 57. c6 Re7 58. c7 Re8 59. Rd6 Ne4 60.
Rd8 Re7 61. c8=Q Kf3 62. Rf8+ Kg4 63. Ng7+ Kh4 64. Rh8# 1-0

[Event "ODJM A 2014"]
[Site "Magdeburg GER"]
[Date "2014.06.13"]
[Round "8"]
[White "Vukojevic, Angelo"]
[Black "Maurer, Noah"]
[Result "0-1"]
[Termination "normal"]
[Board "28"]
[WhiteElo "1448"]
[BlackElo "1823"]
[PlyCount "90"]
[WhiteFideId "12979546"]
[BlackFideId "12920673"]
[EventCountry "GER"]
[EventRounds "9"]
[EventType "swiss"]
[EventDate "2014.06.07"]

1. e4 c5 2. Nf3 a6 3. d4 cxd4 4. Nxd4 Nf6 5. Nc3 e5 6. Nf3 Bb4 7. Bd2 d6 8. a3
Bxc3 9. Bxc3 Nxe4 10. Qd3 Nxc3 11. Qxc3 O-O 12. O-O-O Qe7 13. Bc4 Be6 14. Qd3
Bxc4 15. Qxc4 Nc6 16. Nd2 Rac8 17. c3 Nd4 18. Qd3 Rfd8 19. Kb1 Ne6 20. g4 Nf4
21. Qf3 d5 22. Nb3 f6 23. Rhe1 Qc7 24. Rd2 b6 25. Rc2 a5 26. h4 a4 27. Nd2 b5
28. g5 f5 29. Qg3 e4 30. f3 Nd3 31. Qxc7 Rxc7 32. Re2 h6 33. gxh6 gxh6 34. fxe4
dxe4 35. Rg2+ Rg7 36. Rxg7+ Kxg7 37. b3 Ne1 38. Rb2 Nd3 39. Rc2 e3 40. Nf3 axb3
41. Rg2+ Kf6 42. h5 Nf4 43. Rg1 e2 44. Kb2 Rd1 45. Re1 Nd3+ 0-1

[Event "ODJM A 2014"]
[Site "Magdeburg GER"]
[Date "2014.06.13"]
[Round "8"]
[White "Udaykumar, Arunn Mark"]
[Black "Kovac, Laura"]
[Result "1-0"]
[Termination "normal"]
[Board "30"]
[WhiteElo "1767"]
[BlackElo "1602"]
[PlyCount "47"]
[WhiteFideId "12965456"]
[BlackFideId "12938882"]
[EventCountry "GER"]
[EventRounds "9"]
[EventType "swiss"]
[EventDate "2014.06.07"]

1. e4 d6 2. d4 Nf6 3. Nc3 Nbd7 4. f4 e5 5. Nf3 exf4 6. Bxf4 Be7 7. Bc4 O-O 8.
Qd2 c6 9. O-O b5 10. Bd3 Qc7 11. Rae1 Bb7 12. Ng5 h6 13. Nf3 Rfe8 14. e5 dxe5
15. dxe5 Bc5+ 16. Kh1 Nh5 17. Bxh6 Nxe5 18. Nxe5 Rxe5 19. Rxe5 Qxe5 20. Rf5 Qe7
21. Rxh5 gxh6 22. Bh7+ Kh8 23. Be4 Kg8 24. Qxh6 1-0